AKA a Town in Massachusetts Quiz Stats

 Plays Quiz not verified by Sporcle

Score 0/10 Timer 04:00
0 Plays Today
Clue City % Correct
Movie super spy Jason _____ Bourne
100%
A fish's breathing organGill
100%
The main body of a shipHull
100%
A Reuben or a BLTSandwich
100%
A type of citrus fruitOrange
90.9%
A brand of dictionaryWebster
90.9%
Home of Machu PicchuPeru
81.8%
Carroll's vanishing catCheshire
63.6%
A type of silverSterling
63.6%
To store an item neatlyStow
54.5%

You're not logged in!

Compare scores with friends on all Sporcle quizzes.
OR
Log In

Show Comments

Extras

Top Quizzes Today


Score Distribution

Your Account Isn't Verified!

In order to create a playlist on Sporcle, you need to verify the email address you used during registration. Go to your Sporcle Settings to finish the process.

Report this User

Report this user for behavior that violates our Community Guidelines.

Details: